Pile design and construction rules of thumb / (Record no. 10952)
[ view plain ]
| 000 -LEADER | |
|---|---|
| fixed length control field | 01384cam a22003257a 4500 |
| 001 - CONTROL NUMBER | |
| control field | 15239236 |
| 005 - DATE AND TIME OF LATEST TRANSACTION | |
| control field | 20080908100800.0 |
| 008 - FIXED-LENGTH DATA ELEMENTS--GENERAL INFORMATION | |
| fixed length control field | 080329s2008 maua b 001 0 eng d |
| 010 ## - LIBRARY OF CONGRESS CONTROL NUMBER | |
| LC control number | 2008272880 |
| 020 ## - INTERNATIONAL STANDARD BOOK NUMBER | |
| International Standard Book Number | 9780750687638 |
| 020 ## - INTERNATIONAL STANDARD BOOK NUMBER | |
| International Standard Book Number | 0750687630 |
| 035 ## - SYSTEM CONTROL NUMBER | |
| System control number | (OCoLC)ocn182656704 |
| 040 ## - CATALOGING SOURCE | |
| Original cataloging agency | YDXCP |
| Transcribing agency | YDXCP |
| Modifying agency | BAKER |
| -- | BTCTA |
| -- | OIP |
| -- | IXA |
| -- | DLC |
| 042 ## - AUTHENTICATION CODE | |
| Authentication code | lccopycat |
| 050 00 - LIBRARY OF CONGRESS CALL NUMBER | |
| Classification number | TA780 |
| Item number | .R283 2008 |
| 082 ## - DEWEY DECIMAL CLASSIFICATION NUMBER | |
| Edition number | 22 |
| Classification number | 624.154 |
| Item number | RAJ |
| 100 1# - MAIN ENTRY--PERSONAL NAME | |
| Personal name | Rajapakse, Ruwan. |
| 245 10 - TITLE STATEMENT | |
| Title | Pile design and construction rules of thumb / |
| Statement of responsibility, etc | Ruwan Rajapakse. |
| 260 ## - PUBLICATION, DISTRIBUTION, ETC. (IMPRINT) | |
| Place of publication, distribution, etc | Amesterdam : |
| Name of publisher, distributor, etc | Elsevier/Butterworth-Heinemann, |
| Date of publication, distribution, etc | c2008. |
| 300 ## - PHYSICAL DESCRIPTION | |
| Extent | vi, 444 p. : |
| Other physical details | ill. ; |
| Dimensions | 23 cm. |
| 504 ## - BIBLIOGRAPHY, ETC. NOTE | |
| Bibliography, etc | Includes bibliographical references and index. |
| 650 #0 - SUBJECT ADDED ENTRY--TOPICAL TERM | |
| Topical term or geographic name as entry element | Piling (Civil engineering) |
| 653 0# - INDEX TERM--UNCONTROLLED | |
| Uncontrolled term | Geotechnical engineering |
| -- | pile design |
| -- | construction |
| 653 0# - INDEX TERM--UNCONTROLLED | |
| Uncontrolled term | Structures |
| -- | Foundations |
| -- | Piles |
| 856 41 - ELECTRONIC LOCATION AND ACCESS | |
| Materials specified | Table of contents |
| Uniform Resource Identifier | <a href="http://www.loc.gov/catdir/toc/fy0804/2008272880.html">http://www.loc.gov/catdir/toc/fy0804/2008272880.html</a> |
| 856 42 - ELECTRONIC LOCATION AND ACCESS | |
| Materials specified | Publisher description |
| Uniform Resource Identifier | <a href="http://www.loc.gov/catdir/enhancements/fy0838/2008272880-d.html">http://www.loc.gov/catdir/enhancements/fy0838/2008272880-d.html</a> |
| 942 ## - ADDED ENTRY ELEMENTS (KOHA) | |
| Source of classification or shelving scheme | Dewey Decimal Classification |
| Item type | Book - Borrowing |
| Withdrawn status | Item status | Source of classification or shelving scheme | Damaged status | Not for loan | Vendor | Home library | Current library | Shelving location | Date acquired | Source of acquisition | Cost, normal purchase price | Serial Enumeration / chronology | Total Checkouts | Total Renewals | Full call number | Barcode | Date last seen | Date last borrowed | Koha item type |
|---|---|---|---|---|---|---|---|---|---|---|---|---|---|---|---|---|---|---|---|
| Dewey Decimal Classification | Baccah | Central Library | Central Library | First floor | 25/02/2009 | 520.00 | 7117 | 2 | 27 | 624.154 RAJ | 000014872 | 15/07/2025 | 01/10/2012 | Book - Borrowing |